| 000 | 00744cam a2200229 4500 | ||
|---|---|---|---|
| 008 | 090401t1998 xxu||||| |||| 00| 0 eng d | ||
| 020 | _a1900858258 | ||
| 035 | _a(Sirsi) u88375 | ||
| 041 | _aeng | ||
| 050 | _a690.24 | ||
| 110 |
_aBuilding Maintenance Information _93229 |
||
| 245 | _aReview of maintenance procurement practice. | ||
| 260 |
_aLondon _bBMI _c1998 |
||
| 300 | _a55p. ; 30cm. | ||
| 350 | _a0 | ||
| 490 |
_aBMI Special Report _v270 |
||
| 520 | _aBased on information from 300 organisations on how they procure day-to-day maintenance, planned maintenance and refurbishment work. | ||
| 650 | _aMAINTENANCE PROCUREMENT | ||
| 690 | _aBUILDING AND CONSTRUCTION-REPAIRS AND MAINTENANCE | ||
| 942 | _n0 | ||
| 948 | _c09/09/1998 | ||
| 999 |
_c97339 _d97339 |
||